College Quizbowl Stats
College Quizbowl Stats
Circuits
Seasons
Sets
Records
Detailed Stats
About
Loading...
2024 Booster Shot (Columbia)
Tossups
Bonuses
Players
Teams
Categories (Tossup)
Categories (Bonus)
Mihir Shetty
Columbia C
Categories
Category
Powers
Gets
Negs
BBs
Points
Earliest Buzz
Avg. Buzz
First Buzzes
Top 3 Buzzes
Science - Physics
0
5
1
1
45
56
91.40
0
5
Science - Other Science
1
1
1
0
20
65
91.50
0
2
Fine Arts - Other Fine Arts
0
1
0
0
10
97
97.00
0
0
Philosophy
0
1
0
1
10
127
127.00
0
1
Science - Chemistry
0
1
1
0
5
88
88.00
0
0
Buzzes
Category
Answer
Value
Buzz Position
Science - Physics
quantum harmonic oscillator
10
56
Science - Other Science
derivative
15
65
Science - Physics
transformers
10
84
Science - Other Science
lithium
-5
87
Science - Chemistry
diffusion
10
88
Science - Physics
rockets
10
90
Fine Arts - Other Fine Arts
kimono
10
97
Science - Chemistry
reaction rate constant
-5
101
Science - Physics
mass
10
105
Science - Physics
refrigeration
-5
109
Previous
1
2
Next